01487nam a2200349Ii 4500001001300000003000800013006001900021007001500040008004100055020001900096035002100115040002600136041001300162043001200175050001600187100003100203240003400234245004800268264005800316300003400374336002600408337002600434338003600460490003000496500007000526505032400596650003100920650004400951655002200995830004801017856007201065DIGCGODT0012NyNyDIGm o d cr |||||||||||130101s2011 ag o 000 0 spa d z9789871489275  a(OCoLC)888261827 aDGITAbengepncDGITA1 aspaheng an-us---14aLA210 eBook1 aIllich, Ivan,d1926-2002. 10aDeschooling society.lSpanish13aLa sociedad desescolarizada /cIvan Illich. 1aBuenos Áires, Argentina :bEdiciones Godot,c2011.  a1 online resource (146 pages) atextbtxt2rdacontent acomputerbc2rdamedia aonline resourcebcr2rdacarrier1 aColección exhumaciones. aTranslation of: Deschooling society. New York, Harper & Row, 19710 aIntroducción (Ocotepec, Morelos, enero de 1978) -- 1. ¿Por qué debemos privar de apoyo oficial a la escuela? -- 2. Fenomenología de la escuela -- 3. Ritualización del progreso -- 4. Espectro institucional -- 5. Compatibilidades irracionales -- 6. Tramas de aprendizaje -- 7. Renacimiento del hombre epimeteico. 0aEducationzUnited States.  0aEducational sociologyzUnited States.  0aElectronic books. 0aColección exhumaciones (Ediciones Godot).403Digitalia Hispánicauhttps://www.digitaliapublishing.com/a/18802/